| 000 | 00370cam a22001337a 4500 | ||
|---|---|---|---|
| 008 | 180718b1980 xxu||||| |||| 00| 0 eng d | ||
| 082 | _aP5 Ea79 | ||
| 100 | _aReddi, Agarala Easwara | ||
| 245 |
_aHow high is higher education today? _cby Agarala Easwara Reddi |
||
| 260 |
_aNew Delhi _bUppal _c1980 |
||
| 300 | _a173p. | ||
| 650 | _aEducation | ||
| 650 | _aEducation,Higher | ||
| 999 |
_c492083 _d492083 |
||